000 00504nam a2200205Ia 4500
005 20240415101712.0
008 131103s9999 xx 000 0 und d
040 _aLoreto College
041 _aEnglish
082 _a425
_bJUP
100 _aJupp, T.C
245 _aEnglish sentence structure
_cT.C.Jupp & John Miline
260 _aLondon
_bHeinemann
_c1968
300 _a271p
504 _aInclides index
650 _aEnglish grammar
700 _aMilne, John
850 _aLCBED
942 _cBK
999 _c27978
_d78457